Memorandum To Parliament Submitted By Hon. Ken Ofori- Atta ( Ministry For Finance) On Request For Approval of Tax Exemption On Materials, Equipment And Works/Services To Be Procured For The Construction And Equipping of The Shama District Hospital 2022 (Record no. 2560)
[ view plain ]
| 000 -LEADER | |
|---|---|
| fixed length control field | 00852nam a2200169Ia 4500 |
| 003 - CONTROL NUMBER IDENTIFIER | |
| control field | OSt |
| 005 - DATE AND TIME OF LATEST TRANSACTION | |
| control field | 20250714162340.0 |
| 008 - FIXED-LENGTH DATA ELEMENTS--GENERAL INFORMATION | |
| fixed length control field | 240429s9999||||xx |||||||||||||| ||und|| |
| 041 ## - LANGUAGE CODE | |
| Language code of text/sound track or separate title | eng |
| 082 ## - DEWEY DECIMAL CLASSIFICATION NUMBER | |
| Classification number | RW/SHAMA/22 |
| 100 ## - MAIN ENTRY--PERSONAL NAME | |
| Personal name | Parliament of Ghana |
| 245 #0 - TITLE STATEMENT | |
| Title | Memorandum To Parliament Submitted By Hon. Ken Ofori- Atta ( Ministry For Finance) On Request For Approval of Tax Exemption On Materials, Equipment And Works/Services To Be Procured For The Construction And Equipping of The Shama District Hospital 2022 |
| 300 ## - PHYSICAL DESCRIPTION | |
| Extent | 47p:tabs |
| 650 ## - SUBJECT ADDED ENTRY--TOPICAL TERM | |
| Topical term or geographic name entry element | Memorandum To Parliament Submitted By Hon. Ken Ofori- Atta ( Ministry For Finance) On - Request For Approval of Tax Exemption On Materials, Equipment And Works/Services To Be Procured For - The Construction And Equipping of The Shama District Hospital 2022 |
| 942 ## - ADDED ENTRY ELEMENTS (KOHA) | |
| Koha item type | Memorandum |
| Source of classification or shelving scheme | Dewey Decimal Classification |
| Suppress in OPAC | No |
| Withdrawn status | Lost status | Source of classification or shelving scheme | Damaged status | Not for loan | Home library | Current library | Shelving location | Date acquired | Total checkouts | Full call number | Date last seen | Copy number | Price effective from | Koha item type |
|---|---|---|---|---|---|---|---|---|---|---|---|---|---|---|
| Dewey Decimal Classification | Main Library | Main Library | Open Shelves | 08/02/2023 | Acc. No. 4861 PM/CESDH/22 | 29/04/2024 | 1 | 29/04/2024 | Memorandum | |||||
| Dewey Decimal Classification | Main Library | Main Library | Open Shelves | 14/07/2025 | Acc. No. 4861 PM/CESDH/22 | 14/07/2025 | 2 | 14/07/2025 | Memorandum | |||||
| Dewey Decimal Classification | Main Library | Main Library | Open Shelves | 14/07/2025 | Acc. No. 4861 PM/CESDH/22 | 14/07/2025 | 3 | 14/07/2025 | Memorandum | |||||
| Dewey Decimal Classification | Main Library | Main Library | Open Shelves | 14/07/2025 | Acc. No. 4861 PM/CESDH/22 | 14/07/2025 | 4 | 14/07/2025 | Memorandum |